Harry Potter Characters per Letter - First Name - Statistics

General Stats
  • This quiz has been taken 2,591 times
    2,208 since last reset
  • The average score is 8 of 25
Answer Stats
Hint Answer % Correct
H Harry Potter
86%
A Albus Dumbledore
84%
R Ron Weasley
78%
G Ginny Weasley
47%
M Minerva McGonagall
45%
N Neville Longbottom
44%
V Voldemort
42%
B Bellatrix Lestrange
41%
S Sirius Black
41%
X Xenophilius Lovegood
40%
J James Potter
38%
L Lily Potter
35%
D Dobby
27%
T Tom Riddle
26%
Y Yaxley
25%
F Filius Flitwick
22%
O Oliver Wood
22%
P Percy Weasley
19%
Z Zacharias Smith
19%
I Igor Karkaroff
18%
K Kreacher
17%
C Cornelius Fudge
15%
E Ernie MacMillan
9%
Q Quirnius Quirrell
5%
W Wylkie Twycross
2%
No matching quizzes found
Score Distribution
Percent of People with Each Score
Percentile by Number Answered
Your Score History
You have not taken this quiz since the last reset